লোডিং...

CMOS Analog Design Using All-Region MOSFET Modeling

গ্রন্থ-পঞ্জীর বিবরন
প্রধান লেখক: Márcio Cherem Schneider
অন্যান্য লেখক: Carlos Galup-Montoro
বিন্যাস: বৈদ্যুতিন গ্রন্থ
ভাষা:English
প্রকাশিত: Cambridge University Press 2010
বিষয়গুলি:
অনলাইন ব্যবহার করুন:http://dx.doi.org/10.1017/CBO9780511803840
LEADER 00682nam a22001937a 4500
005 20151026133433.0
008 150418b xxu||||| |||| 00| 0 eng d
020 |a 9780511803840 
100 |a Márcio Cherem Schneider 
245 |a CMOS Analog Design Using All-Region MOSFET Modeling 
260 |b Cambridge University Press  |c 2010 
500 |a Online book 
653 |a Circuits and systems  
653 |a Electronic, optoelectronic devices, and nanotechnology 
700 |a Carlos Galup-Montoro 
856 |u http://dx.doi.org/10.1017/CBO9780511803840 
942 |c EB  |6 _ 
999 |c 71117  |d 71117 
952 |0 0  |1 0  |2 udc  |4 0  |6 _  |7 0  |9 83091  |a UL  |b UL  |d 2015-04-18  |p EB000310  |r 2015-04-18  |w 2015-04-18  |y EB